| 000 | 00350nam a2200133 i 4500 | ||
|---|---|---|---|
| 001 | bg | ||
| 100 | 1 | _aLEWOC, Józef B. | |
| 245 | 0 |
_aBadania czasowe w praktyce projektowania sieci komputerowych / _cJózef B. Lewoc. |
|
| 260 |
_aZielona Góra, _c1990. |
||
| 040 | _cBPK | ||
| 041 | _apol | ||
| 942 | _cKS | ||
| 008 | s pl f |000 0 pol | ||
| 999 |
_c29422 _d29422 |
||
| 856 |
_uhttp://koha.tu.koszalin.pl/cgi-bin/koha/opac-detail.pl?biblionumber=29422 _yKatalog online BPK |
||